Top 10 Länder in der Haschischproduktion - Statistiken

Allgemein
  • Dieses Quiz wurde 175 mal gespielt
  • Das Durchschnittsergebnis liegt bei 4 aus 10
Antwortstatistiken
% der Weltproduktion # Land % Korrekt
4.63 6 Indien
73%
6.02 3 Pakistan
68%
20.75 1 Afghanistan
66%
5.32 4 Niederlande
61%
11.38 2 Marokko
46%
4.32 8 Spanien
32%
4.49 7 Nepal
29%
3.69 10 Jamaika
28%
3.84 9 Albanien
13%
5.14 5 Libanon
12%
Keine übereinstimmenden Quizze gefunden
Verteilung der Resultate
Anzahl Personen mit jedem Resultat
Perzentil nach korrekt beantworteten Fragen
Ihre Resultats-Entwicklung
Sie haben dieses Quiz noch nicht gespielt